000 00316nam a22001337a 4500
008 190305b xxu||||| |||| 00| 0 eng d
020 _a9780130617507
041 _aeng
080 _a621
100 _a27
101 _aMEK
245 _aIntroductory Electronic Devices and Circuits
_cPaynter, R.T
942 _2udc
_cBK
999 _c54491
_d54491